000 00368nam a2200157Ia 4500
003 IT-RoPAU
008 120407s9999 xx 000 0 und d
040 _aIT-RoPAU
040 _cIT-RoPAU
100 _aGiorgio Costanzo
245 _aLa costruzione dell'uomo. Elementi di antropologia culturale
260 _aBulzoni
300 _c cm
490 _v1
942 _cBK
999 _c1489
_d1489